000 00438nam a2200169Ia 4500
003 GCL
008 140319s9999 xx 000 0 eng d
040 _aGCL /
_cGCL
082 0 4 _a597.0942
_bN F
100 1 _aMORMAN, J.R
245 1 0 _aFISHES OF BRITIANS RIVERS AND LAKES /
_cMORMAN, J.R
260 _a[S.N] :
_bTHE KING PENGUIN BOOKS ،
_c1943
300 _a32 P
650 0 4 _aFISHES
650 0 4 _aFISHES - BRITIAN
942 _2ddc
_cBK
999 _c15324
_d15324